000 00669nam a2200193 i 4500
001 141553
003 ES-MaACL
005 20250929063206.0
007 t|
008 070925s1969 sp ||||1| spa d
100 1 _aVolney, Constantine François de Chasseboeuf,
_ccomte de,
_d1757-1820
_9133827
245 1 4 _aLas ruinas de Palmira, seguido de La ley natural /
_cConde de Volney ; [traducción de Armando Ruiz Gómez].
260 _a[Madrid] :
_bEdaf,
_c[1969]
300 _a221 p. :
_b1 retr. aut. ;
_c19 cm.
700 1 _aRuiz Gómez, Armando.
_9100822
740 3 _aLa ley natural.
852 _aES-MaACL
_jC-51036
_bR.72285
999 _c141553
_d141553